[Event "ch-FRA Blitz Online Qual"]
[Site "Europe-Chess INT"]
[Date "2020.05.16"]
[Round "14"]
[White "Daulyte-Cornette, Deimante"]
[Black "Shchekachev, Andrei"]
[Result "0-1"]
[WhiteTitle "IM"]
[BlackTitle "GM"]
[WhiteElo "2400"]
[BlackElo "2533"]
[WhiteFideId "12802859"]
[BlackFideId "4107730"]
[EventDate "2020.05.16"]

1. e4 Nc6 2. Nf3 d6 3. d4 Nf6 4. Nc3 g6 5. Be3 Bg7 6. h3 O-O 7. Be2 e5 8. dxe5
dxe5 9. Bc5 Re8 10. O-O b6 11. Be3 Bb7 12. Bc4 Na5 13. Bb5 Qxd1 14. Raxd1 Red8
15. Nxe5 Nxe4 16. Nxe4 Bxe4 17. Bf4 Bxc2 18. Rc1 Bf5 19. b4 Rd5 20. bxa5 Rxb5
21. Nc6 bxa5 22. Ne7+ Kf8 23. Nxf5 Rxf5 24. Bxc7 Bd4 25. Rc4 Bb6 26. Bd6+ Kg8
27. Rf4 Rd5 28. Be7 f5 29. Re1 Re8 30. Bb4 Rxe1+ 31. Bxe1 Kf7 32. Kf1 Ke6 33.
Rc4 Rd1 34. Ke2 Rb1 35. Ra4 Rb2+ 36. Kf3 Kd5 37. Kg3 Kc6 38. f3 Kb5 39. Ra3 a4
40. Bc3 Rc2 41. Bf6 Bc5 42. Rd3 Rxa2 43. Rd7 a3 44. Rxh7 Rd2 45. Rb7+ Bb6 46.
Rg7 a2 47. Be5 a5 48. Rxg6 Bd4 0-1

[Event "ch-FRA Blitz Online Qual"]
[Site "Europe-Chess INT"]
[Date "2020.05.16"]
[Round "14"]
[White "Kurmann, Oliver"]
[Black "Batsiashvili, Nino"]
[Result "0-1"]
[WhiteTitle "IM"]
[BlackTitle "GM"]
[WhiteElo "2430"]
[BlackElo "2457"]
[WhiteFideId "1308173"]
[BlackFideId "13602993"]
[EventDate "2020.05.16"]

1. e4 c6 2. Nc3 d5 3. Nf3 dxe4 4. Nxe4 Nf6 5. Qe2 Nxe4 6. Qxe4 Be6 7. b3 Nd7 8.
Bb2 Nf6 9. Qe2 g6 10. O-O-O Bg7 11. h3 a5 12. Ng5 Bc8 13. Re1 a4 14. g4 axb3 15.
axb3 e6 16. Bg2 O-O 17. h4 Ra2 18. Bc3 Bd7 19. d3 Nd5 20. Bxg7 Kxg7 21. Qe5+ Qf6
22. Qxf6+ Nxf6 23. Bf3 Rfa8 24. Kd2 Nd5 25. Bxd5 cxd5 26. d4 Rc8 27. Rc1 e5 28.
dxe5 Bxg4 29. Rhe1 Bf5 30. e6 Rcxc2+ 31. Rxc2 Rxc2+ 32. Kd1 fxe6 33. Nxe6+ Kf6
34. Nd4 Rb2 35. Re3 Rxf2 36. Rc3 Rh2 37. Rc7 Ke5 38. Nf3+ Kd6 39. Rxh7 Bg4 40.
Rf7 Rf2 41. Rxb7 Rxf3 42. Kd2 Rh3 43. Rb6+ Ke5 44. Rxg6 Rxh4 45. b4 Kd4 46. b5
Rh2+ 47. Ke1 Bf3 48. Re6 Rb2 49. b6 Be4 50. Rh6 Ke3 51. Rh3+ Bf3 52. Rxf3+ Kxf3
53. b7 Rxb7 0-1

[Event "ch-FRA Blitz Online Qual"]
[Site "Europe-Chess INT"]
[Date "2020.05.16"]
[Round "14"]
[White "Parligras, Mircea-Emilian"]
[Black "Navrotescu, Andreea-Cristiana"]
[Result "1-0"]
[WhiteTitle "GM"]
[BlackTitle "WIM"]
[WhiteElo "2591"]
[BlackElo "2284"]
[WhiteFideId "1204297"]
[BlackFideId "675946"]
[EventDate "2020.05.16"]

1. d4 e6 2. c4 Nf6 3. Nf3 Bb4+ 4. Bd2 a5 5. a3 Bxd2+ 6. Qxd2 b6 7. Nc3 Bb7 8.
Qc2 O-O 9. e4 d6 10. Bd3 e5 11. dxe5 dxe5 12. Nxe5 Re8 13. Nf3 Nbd7 14. O-O-O
Ng4 15. Rhe1 Qe7 16. Nd5 Qd6 17. Kb1 h6 18. h3 Nge5 19. Nd4 Nxd3 20. Qxd3 Nc5
21. Qc2 Bxd5 22. cxd5 Qe5 23. f3 Qg3 24. Nf5 Qe5 25. Qc3 Qxc3 26. bxc3 Na4 27.
Kc2 Rab8 28. Nd4 Nc5 29. Nb5 Rbc8 30. d6 c6 31. Na7 Rcd8 32. Nxc6 Rd7 33. e5 Re6
34. f4 g5 35. f5 1-0

[Event "ch-FRA Blitz Online Qual"]
[Site "Europe-Chess INT"]
[Date "2020.05.16"]
[Round "14"]
[White "Wirig, Anthony"]
[Black "Bressy, Theo"]
[Result "1-0"]
[WhiteTitle "GM"]
[BlackTitle "FM"]
[WhiteElo "2499"]
[BlackElo "2289"]
[WhiteFideId "615013"]
[BlackFideId "26022842"]
[EventDate "2020.05.16"]

1. d4 d5 2. Nc3 Nf6 3. Bf4 c5 4. e3 cxd4 5. exd4 a6 6. Nf3 Bg4 7. h3 Bxf3 8.
Qxf3 Nc6 9. O-O-O e6 10. Kb1 Bd6 11. Ne2 Bxf4 12. Nxf4 Qb6 13. c3 Na5 14. Bd3
O-O-O 15. g4 Ne8 16. Ng2 Nd6 17. Ne3 Kb8 18. Rd2 Ka7 19. h4 Rc8 20. Rc2 Rc7 21.
h5 h6 22. Rg1 f6 23. Re1 Qc6 24. Nf1 Re8 25. Nd2 e5 26. Bg6 Ree7 27. Nb3 Nxb3
28. axb3 Nb5 29. dxe5 fxe5 30. Rd1 d4 31. Be4 Qf6 32. Qxf6 gxf6 33. c4 Nd6 34.
Bd5 f5 35. gxf5 Nxf5 36. Re2 Ng7 37. Rh1 Rc8 38. f4 d3 39. Rxe5 Rxe5 40. fxe5
Re8 41. Rg1 Nxh5 42. Bf7 Rxe5 43. Bxh5 Rxh5 44. Ka2 d2 45. Rd1 Rh2 46. b4 Kb6
47. Kb3 Kc6 48. Kc2 Kd6 49. Rg1 a5 50. Rg6+ Ke5 51. bxa5 Kd4 52. Rb6 Kxc4 53.
b3+ Kd4 54. Rxb7 Rh5 55. b4 Kc4 56. a6 Rd5 57. Kd1 Rd8 58. a7 Ra8 59. b5 Kc5 60.
b6 1-0

[Event "ch-FRA Blitz Online Qual"]
[Site "Europe-Chess INT"]
[Date "2020.05.16"]
[Round "14"]
[White "Polivanov, Anatoliy"]
[Black "Samoun, Florent"]
[Result "1/2-1/2"]
[WhiteTitle "IM"]
[BlackTitle "FM"]
[WhiteElo "2452"]
[BlackElo "2299"]
[WhiteFideId "14109468"]
[BlackFideId "664995"]
[EventDate "2020.05.16"]

1. e4 Nf6 2. e5 Nd5 3. d4 d6 4. c4 Nb6 5. Nf3 g6 6. exd6 cxd6 7. Be2 Bg7 8. h3
O-O 9. Nc3 Nc6 10. O-O e5 11. Bg5 f6 12. Be3 f5 13. dxe5 dxe5 14. c5 Nd7 15.
Bc4+ Kh8 16. Ng5 f4 17. Ne6 Qe7 18. Nxf8 Nxf8 19. Nd5 Qg5 20. Bd2 Bxh3 21. Qf3
Bg4 22. Qe4 Bf5 23. Qf3 Nd4 24. Qa3 Rd8 25. f3 Nfe6 26. Rac1 e4 27. Ba5 exf3 28.
Rxf3 Nxf3+ 29. Qxf3 Re8 30. Bc3 Nd4 31. Qxf4 Qxf4 32. Nxf4 h5 33. Rd1 Re4 34.
Nd5 Ne2+ 35. Bxe2 Rxe2 36. Nf4 Re7 37. Rd6 Bxc3 38. bxc3 Kg7 39. c6 bxc6 40.
Rxc6 Rd7 41. Kf2 Kh6 42. Ke3 Re7+ 43. Kf2 Re4 44. Ne2 Ra4 45. Nd4 Rxa2+ 46. Kg3
Be4 47. Re6 Bxg2 48. Nf5+ Kg5 49. Nh4 Kh6 50. Rxg6+ Kh7 51. Re6 Bd5 52. Re5 Bf7
53. Rf5 Kg7 54. Rg5+ Kf8 55. Rf5 Ke7 56. Re5+ Kd6 57. Rf5 Be8 58. Nf3 Ra3 59.
Rf6+ Ke7 60. Rf5 Rxc3 61. Re5+ Kd8 62. Kf4 Bd7 63. Rxh5 a6 64. Nd4 Rc4 65. Ke3
Kc7 66. Kd3 Rc1 67. Kd2 Ra1 68. Kc3 Rc1+ 69. Kb2 Rc4 70. Nb3 Rb4 71. Rh6 Kb7 72.
Ka3 Rb5 73. Rd6 Bc6 74. Nd4 Ra5+ 75. Kb4 Ra1 76. Nxc6 Rb1+ 77. Ka4 Ra1+ 78. Kb3
Rb1+ 79. Kc2 Rb6 80. Na5+ Kc7 81. Rd4 Rb5 82. Nb3 a5 83. Kc3 Rh5 84. Nd2 Kb6 85.
Nc4+ Kc6 86. Ne3 Rh3 87. Kd3 Kb5 88. Rd5+ Kb6 89. Kd4 Rh4+ 90. Kc3 Rh3 91. Rd3
Kb5 92. Rd5+ Kc6 93. Re5 a4 94. Kb4 Rh4+ 95. Ka3 Kd6 96. Rb5 Rh3 97. Rd5+ Kc6
98. Rd3 Kb5 99. Rd5+ Kc6 100. Rd3 Kb5 101. Rc3 Rf3 102. Kb2 Rf2+ 103. Nc2 Rh2
104. Re3 Rg2 105. Re4 Rh2 106. Rb4+ Ka5 107. Rb8 Rg2 108. Kc3 Rg3+ 109. Kc4 Rg4+
110. Nd4 Ka6 111. Kc5 a3 112. Ra8+ Kb7 113. Rxa3 Rg5+ 114. Kd6 Rg6+ 115. Ne6 Kb6
116. Rb3+ Ka5 117. Kd5 Rh6 118. Nd4 Rh8 119. Kc5 Rh5+ 120. Kc4 Ka6 121. Rb1 Rh6
122. Kc5 Rh5+ 123. Kc6 Rh6+ 124. Kd5 Rh5+ 125. Kc4 Rh6 126. Rb2 Rh5 127. Nf3 Rh6
128. Ne5 Rh5 129. Nd7 Rh4+ 130. Kd5 Rh5+ 131. Kc6 Rh6+ 132. Kc5 Rh5+ 133. Kd6
Rh6+ 134. Kc7 Ka5 135. Nc5 Rc6+ 136. Kxc6 1/2-1/2

[Event "ch-FRA Blitz Online Qual"]
[Site "Europe-Chess INT"]
[Date "2020.05.16"]
[Round "14"]
[White "Nasuta, Grzegorz"]
[Black "Roque, Gaetan"]
[Result "0-1"]
[WhiteTitle "GM"]
[WhiteElo "2558"]
[BlackElo "2128"]
[WhiteFideId "1141686"]
[BlackFideId "20666934"]
[EventDate "2020.05.16"]

1. e4 Nf6 2. e5 Nd5 3. d4 d6 4. c4 Nb6 5. exd6 cxd6 6. Nc3 g6 7. Be3 Bg7 8. Rc1
O-O 9. b3 Nc6 10. d5 Ne5 11. h3 e6 12. dxe6 Bxe6 13. Be2 d5 14. c5 Nc8 15. Bd4
Ne7 16. Nf3 Nxf3+ 17. Bxf3 Bxd4 18. Qxd4 Nf5 19. Qd2 Rc8 20. Ne2 b6 21. cxb6
Rxc1+ 22. Qxc1 Qxb6 23. O-O Nh4 24. Qf4 Nxf3+ 25. Qxf3 Rd8 26. Rd1 d4 27. Ng3 a5
28. Ne4 Bf5 29. Ng3 Bc2 30. Rd2 d3 31. Qf4 Qb4 32. Ne4 Rd4 33. Nf6+ Kf8 34. Qh6+
Ke7 35. Qg5 Ke6 36. Ng4 Re4 37. Qf6+ Kd5 38. Qxf7+ Kd6 39. Qf8+ Kd7 40. Qxb4
Re1+ 41. Kh2 axb4 42. Ne3 Bb1 43. Kg3 Kc6 44. Kf3 Kc5 45. Ke4 Re2 46. Rd1 Bc2
47. Rc1 Rxf2 48. Nxc2 Rxc2 49. Rd1 d2 50. Kd3 Rxa2 51. g4 Rb2 52. Rh1 Rxb3+ 53.
Kxd2 Rg3 54. Kc2 Kc4 55. Rh2 g5 56. h4 h6 57. hxg5 hxg5 58. Rh8 Rg2+ 59. Kb1
Rxg4 60. Rh3 Rg1+ 61. Kb2 Rg2+ 62. Kb1 g4 0-1

[Event "ch-FRA Blitz Online Qual"]
[Site "Europe-Chess INT"]
[Date "2020.05.16"]
[Round "14"]
[White "Saya, Ethan"]
[Black "Villegas, Pierre"]
[Result "1/2-1/2"]
[BlackTitle "IM"]
[WhiteElo "2199"]
[BlackElo "2364"]
[WhiteFideId "26095181"]
[BlackFideId "654183"]
[EventDate "2020.05.16"]

1. e4 c6 2. d4 d5 3. Nc3 dxe4 4. Nxe4 Nf6 5. Nxf6+ exf6 6. g3 Bd6 7. Bg2 O-O 8.
Ne2 Bf5 9. Be3 Nd7 10. O-O Re8 11. c4 Nf8 12. Qd2 Qd7 13. Rfe1 Rad8 14. Nc3 a6
15. a3 b5 16. c5 Bc7 17. b4 Ng6 18. d5 cxd5 19. Nxd5 Ne5 20. Nxc7 Qxc7 21. Qa2
Be6 22. Qc2 Bd5 23. f4 Nc4 24. Bf2 Bxg2 25. Kxg2 Qc6+ 26. Kg1 Qf3 27. Rxe8+ Rxe8
28. Re1 Rxe1+ 29. Bxe1 Nxa3 30. Qd2 h6 31. Qc3 Qxc3 32. Bxc3 Nc4 33. Kf2 Kf8 34.
Kf3 Ke7 35. Ke4 Ke6 36. f5+ Kd7 37. g4 Kc6 38. h4 a5 39. bxa5 Kxc5 40. a6 Kb6
41. Kd5 Ne3+ 42. Kd6 Nxg4 43. Ke7 Ne3 44. Kxf7 Nxf5 45. h5 Kxa6 46. Kg6 Ng3 47.
Kxg7 Nxh5+ 48. Kxh6 Nf4 49. Kg7 Nd5 50. Bb2 f5 51. Kg6 f4 52. Kf5 f3 53. Bd4 b4
54. Ke4 b3 55. Kxf3 Kb5 56. Ke2 Kc4 57. Ba1 Nb4 58. Kd2 Nc2 59. Bb2 Kb4 60. Kc1
Ne3 61. Kb1 Nc4 62. Bh8 Nb6 63. Kb2 Na4+ 64. Kb1 Kc4 65. Kc1 Kd3 66. Kb1 Nc3+
67. Bxc3 Kxc3 68. Kc1 b2+ 69. Kb1 Kb3 1/2-1/2

[Event "ch-FRA Blitz Online Qual"]
[Site "Europe-Chess INT"]
[Date "2020.05.16"]
[Round "14"]
[White "Pucher, Sebastien"]
[Black "Rakotomaharo, Fy Antenaina"]
[Result "0-1"]
[WhiteTitle "FM"]
[BlackTitle "IM"]
[WhiteElo "2322"]
[BlackElo "2422"]
[WhiteFideId "627232"]
[BlackFideId "13100050"]
[EventDate "2020.05.16"]

1. b3 e5 2. Bb2 Nc6 3. e3 g6 4. f4 Bg7 5. fxe5 d6 6. Nf3 Nge7 7. Na3 O-O 8. Nc4
d5 9. Na3 Bg4 10. Be2 Bxf3 11. Bxf3 Nxe5 12. Bxe5 Bxe5 13. c3 c6 14. Nc2 Nf5 15.
Bg4 Qh4+ 16. g3 Nxg3 0-1

[Event "ch-FRA Blitz Online Qual"]
[Site "Europe-Chess INT"]
[Date "2020.05.16"]
[Round "14"]
[White "Hejazipour, Mitra"]
[Black "Colin, Vincent"]
[Result "0-1"]
[WhiteTitle "WGM"]
[BlackTitle "IM"]
[WhiteElo "2300"]
[BlackElo "2372"]
[WhiteFideId "12505951"]
[BlackFideId "612324"]
[EventDate "2020.05.16"]

1. Nf3 Nf6 2. d4 g6 3. c4 Bg7 4. Nc3 O-O 5. e4 d6 6. h3 e5 7. d5 Nh5 8. g3 f5 9.
Be2 Nf6 10. exf5 gxf5 11. Qc2 Na6 12. Be3 Kh8 13. O-O-O f4 14. gxf4 e4 15. Ng5
Nb4 16. Qb3 Nd3+ 17. Bxd3 exd3 18. Rxd3 Bf5 19. Rdd1 Qd7 20. Ne2 a5 21. Nd4 a4
22. Qa3 Ne4 23. Nde6 Nxg5 24. Nxf8 Rxf8 25. fxg5 Bg6 26. Bd4 Qf5 27. Bxg7+ Kg8
28. Rd3 Kxg7 29. Qc3+ Kg8 30. Rhd1 Re8 31. Qd2 Re4 32. b3 Rd4 33. Qe3 Rxd3 34.
Rxd3 Qxd3 35. Qe6+ Bf7 36. Qc8+ Kg7 37. Qxc7 Qc3+ 38. Kd1 Qa1+ 39. Ke2 Qxa2+ 40.
Kf3 Qxb3+ 41. Kg2 a3 42. Qxd6 Qb2 43. Qh6+ Kg8 44. d6 Qd4 45. g6 hxg6 46. Qe3
Qxe3 47. fxe3 Be6 48. Kf3 a2 0-1

[Event "ch-FRA Blitz Online Qual"]
[Site "Europe-Chess INT"]
[Date "2020.05.16"]
[Round "14"]
[White "Defromont, Benjamin"]
[Black "Jolly, Jean-Francois"]
[Result "1-0"]
[WhiteTitle "FM"]
[BlackTitle "IM"]
[WhiteElo "2236"]
[BlackElo "2378"]
[WhiteFideId "36068829"]
[BlackFideId "634751"]
[EventDate "2020.05.16"]

1. e4 c5 2. Nf3 Nc6 3. d4 cxd4 4. Nxd4 Nf6 5. Nc3 e5 6. Ndb5 d6 7. Bg5 a6 8. Na3
b5 9. Bxf6 gxf6 10. Nd5 f5 11. g3 Bg7 12. Bg2 O-O 13. exf5 Bxf5 14. Ne3 Bd7 15.
Qxd6 Rc8 16. O-O-O Nd4 17. Kb1 Re8 18. c3 Bf8 19. Qxa6 Re6 20. Qb7 b4 21. cxd4
bxa3 22. b3 Rb6 23. Qe4 Be6 24. d5 Bd7 25. Rc1 Rcb8 26. Nc4 Qf6 27. g4 Rb4 28.
f3 Bc5 29. Rhd1 Bd4 30. Rd3 Bb5 31. Rxd4 exd4 32. Bf1 Bd7 33. Bd3 Re8 34. Qxh7+
Kf8 35. g5 Qg7 36. Qh4 Rbb8 37. Nd6 Re7 38. Rg1 Kg8 39. g6 f6 40. Bf5 Rbe8 41.
Bxd7 Re1+ 42. Rxe1 Rxe1+ 43. Qxe1 1-0

[Event "ch-FRA Blitz Online Qual"]
[Site "Europe-Chess INT"]
[Date "2020.05.16"]
[Round "14"]
[White "Cotonnec, Melkior"]
[Black "Hue, Victor"]
[Result "1-0"]
[WhiteTitle "IM"]
[WhiteElo "2300"]
[BlackElo "2038"]
[WhiteFideId "633275"]
[BlackFideId "26045710"]
[EventDate "2020.05.16"]

1. e4 e5 2. Nf3 Nc6 3. d4 exd4 4. Nxd4 Bc5 5. Be3 Qf6 6. c3 Nge7 7. Bc4 d6 8.
O-O Bb6 9. f4 Qg6 10. Nd2 Bg4 11. Qe1 O-O-O 12. f5 Qf6 13. Qf2 d5 14. exd5 Nxd5
15. Bxd5 Rxd5 16. h3 Nxd4 17. hxg4 Nc6 18. Nf3 Rhd8 19. Rfe1 h5 20. c4 Bxe3 21.
Qxe3 Rd3 22. Qg5 hxg4 23. Qxg4 Nd4 24. Nxd4 R3xd4 25. Qf3 Rxc4 26. Rad1 Rcd4 27.
Rxd4 Qxd4+ 28. Kf1 Qxb2 29. a4 Qd4 30. Re2 Qd1+ 31. Kf2 Qd4+ 32. Kg3 Qd6+ 33.
Kg4 Qb4+ 34. Re4 Rd4 35. Rxd4 Qxd4+ 36. Kg3 Qe5+ 37. Kg4 Qd4+ 38. Kg5 Qd8+ 39.
Kh5 Qf6 40. Qe4 c6 41. Qe8+ Kc7 42. Kg4 Kb6 43. Qe3+ c5 44. Qb3+ Kc6 45. Qb5+
Kd5 46. Qxb7+ Kd4 47. Qb2+ Kd5 48. Qb7+ Kd4 49. Qxa7 Ke4 50. Qb7+ Kd4 51. Qd7+
Kc3 52. a5 Qd4+ 53. Qxd4+ cxd4 54. a6 d3 55. a7 d2 56. a8=Q d1=Q+ 57. Kg3 Qd6+
58. Kg4 Qd4+ 59. Kh5 Qd1+ 60. Kh4 Qe1+ 61. Kh3 Qe3+ 62. Kg4 Qe2+ 63. Kh3 Qe3+
64. g3 Qh6+ 65. Kg2 Qd2+ 66. Kf3 Qd1+ 67. Kf4 1-0

[Event "ch-FRA Blitz Online Qual"]
[Site "Europe-Chess INT"]
[Date "2020.05.16"]
[Round "14"]
[White "Fantinel, Thibault"]
[Black "Bregnac, Tristan"]
[Result "1-0"]
[WhiteTitle "IM"]
[WhiteElo "2375"]
[BlackElo "2047"]
[WhiteFideId "663395"]
[BlackFideId "36017825"]
[EventDate "2020.05.16"]

1. e4 c5 2. Nf3 d6 3. Bb5+ Nd7 4. c3 a6 5. Ba4 Nf6 6. Qe2 b5 7. Bc2 Bb7 8. d4 e6
9. a4 Be7 10. O-O O-O 11. Rd1 Rb8 12. Bg5 Ne8 13. Bxe7 Qxe7 14. Nbd2 Nef6 15.
axb5 axb5 16. Ra7 Qd8 17. e5 dxe5 18. dxe5 Nd5 19. Qe4 g6 20. Qg4 Qb6 21. Raa1
Qc7 22. Qg5 Rfe8 23. Ne4 Qd8 24. Qg3 Qe7 25. h4 Qf8 26. Ra7 Bc6 27. Rxd7 Bxd7
28. Rxd5 exd5 29. Nf6+ Kg7 30. Nxd7 Qe7 31. Nxb8 Rxb8 32. e6 Rd8 33. exf7 Kxf7
34. h5 Qd6 35. hxg6+ hxg6 36. Ne5+ Ke7 37. Qg5+ Ke6 38. f4 Qe7 39. Qxe7+ Kxe7
40. Nc6+ Kd7 41. Nxd8 Kxd8 42. Bxg6 1-0

[Event "ch-FRA Blitz Online Qual"]
[Site "Europe-Chess INT"]
[Date "2020.05.16"]
[Round "14"]
[White "Mathieu, Phileas"]
[Black "Laurent-Paoli, Pierre"]
[Result "1/2-1/2"]
[BlackTitle "FM"]
[WhiteElo "2214"]
[BlackElo "2402"]
[WhiteFideId "36048410"]
[BlackFideId "26017962"]
[EventDate "2020.05.16"]

1. e4 c5 2. Nf3 e6 3. g3 Nc6 4. Bg2 d5 5. exd5 exd5 6. d4 Bg4 7. O-O Nxd4 8.
Qe1+ Be7 9. Nxd4 cxd4 10. Qe5 Nf6 11. Qxd4 O-O 12. Nc3 Be6 13. Bf4 Rc8 14. Rad1
Qa5 15. Rfe1 Rfd8 16. a3 h6 17. Qd3 Qb6 18. b4 a5 19. Be3 d4 20. Na4 Qc7 21.
Bxd4 axb4 22. axb4 Qxc2 23. Qxc2 Rxc2 24. Bc5 Rxd1 25. Rxd1 Bxc5 26. Nxc5 Bg4
27. Rd8+ Kh7 28. h3 Bf5 29. Bxb7 Bxh3 30. Bg2 Rc1+ 31. Kh2 Bf5 32. Bh3 Ng4+ 33.
Kg2 Rc2 34. Bxg4 Bxg4 35. Rd4 Bf5 36. Rf4 Bg6 37. Nd7 Kg8 38. Ne5 Bh5 39. g4 g5
40. Re4 Bg6 41. Nxg6 fxg6 42. Re6 Kf7 43. Re4 Rb2 44. Rd4 h5 45. Rd5 Kf6 46.
Rd6+ Kg7 47. Rd7+ Kh6 48. Rd4 h4 49. Rc4 Kg7 50. Rc7+ Kf6 51. Rc6+ Ke5 52. Rxg6
Kf4 53. Rf6+ Kxg4 54. Rb6 h3+ 55. Kg1 Kh5 56. Rb5 Kh4 57. Rb8 Kg4 58. Rb7 Kh4
59. Rh7+ Kg4 60. Rb7 Kf5 61. Kh2 g4 62. Kg3 Rb3+ 63. Kh2 Kf4 64. Rf7+ Kg5 65.
Rb7 Rb2 66. Kg1 Kf4 67. Rf7+ Ke4 68. Rg7 Kf3 69. Rf7+ Ke2 70. Rg7 Rxb4 71. Re7+
Kd3 72. Kh2 Re4 73. Rd7+ Ke2 74. Kg3 Kf1 75. Rc7 Re1 76. Rh7 Kg1 77. Kxg4 h2 78.
f4 h1=Q 79. Rxh1+ Kxh1 80. f5 Kg2 81. Kg5 Kf3 82. f6 Ke4 83. f7 Rf1 84. Kg6 Ke5
85. Kg7 Rg1+ 86. Kh7 Rh1+ 87. Kg7 Rg1+ 88. Kh7 Rf1 89. Kg7 Rxf7+ 90. Kxf7 1/2-1/2

[Event "ch-FRA Blitz Online Qual"]
[Site "Europe-Chess INT"]
[Date "2020.05.16"]
[Round "14"]
[White "Weisman, Nathan"]
[Black "Stephan, Victor"]
[Result "0-1"]
[BlackTitle "IM"]
[WhiteElo "2186"]
[BlackElo "2439"]
[WhiteFideId "36060895"]
[BlackFideId "656666"]
[EventDate "2020.05.16"]

1. e4 c5 2. Nf3 d6 3. Bb5+ Bd7 4. Bxd7+ Nxd7 5. O-O Ngf6 6. Qe2 Rc8 7. c3 e6 8.
d4 cxd4 9. cxd4 d5 10. e5 Ne4 11. Be3 Be7 12. Ne1 f5 13. exf6 Ndxf6 14. Nd3 O-O
15. f3 Nd6 16. Nc5 Qb6 17. Nxe6 Rfe8 18. Nc3 Nf5 19. Nf4 Bb4 20. Ncxd5 Nxd5 21.
Nxd5 Qa5 22. Nxb4 Qxb4 23. Bd2 Rxe2 24. Bxb4 Rxb2 25. Rab1 Rxa2 26. Rfc1 Re8 27.
Re1 Rc8 28. Rbc1 Rxc1 29. Rxc1 a5 30. Rc8+ Kf7 31. Bc5 Ne3 32. g3 Rg2+ 33. Kh1
Rd2 34. Kg1 b5 35. f4 Rg2+ 36. Kh1 Rc2 37. Kg1 b4 38. Rf8+ Ke6 39. Re8+ Kd5 40.
Rxe3 Kc4 41. f5 a4 42. g4 a3 43. g5 Rc1+ 44. Kg2 a2 45. f6 gxf6 46. gxf6 a1=Q
47. f7 Rg1+ 48. Kf3 Qf1+ 49. Ke4 Rg4+ 50. Ke5 Qxf7 0-1

[Event "ch-FRA Blitz Online Qual"]
[Site "Europe-Chess INT"]
[Date "2020.05.16"]
[Round "14"]
[White "Iglesias, Christophe"]
[Black "Sochacki, Wojtek"]
[Result "0-1"]
[BlackTitle "IM"]
[WhiteElo "1815"]
[BlackElo "2320"]
[WhiteFideId "551007584"]
[BlackFideId "651389"]
[EventDate "2020.05.16"]

1. e4 g6 2. d4 Nf6 3. Nc3 d5 4. e5 Ne4 5. Nf3 c5 6. Bb5+ Nc6 7. O-O Nxc3 8. bxc3
Qa5 9. Bxc6+ bxc6 10. Be3 c4 11. h3 Bg7 12. Qd2 O-O 13. Bh6 Bf5 14. Bxg7 Kxg7
15. g4 Bd7 16. Nh4 c5 17. f4 cxd4 18. Qxd4 Qb6 19. Ng2 Rab8 20. f5 f6 21. e6
Qxd4+ 22. cxd4 Bc6 23. h4 Rb6 24. Ne3 c3 25. Rfb1 Rfb8 26. Rb3 h5 27. gxh5 gxh5
28. Kf2 Rb4 29. Rxc3 Be8 30. Rg1+ Kf8 31. Nxd5 Rxd4 32. Rd3 Rxd3 33. cxd3 Rb5
34. Nf4 Rxf5 35. Ke3 Re5+ 36. Kf2 Ra5 37. Rb1 Rxa2+ 38. Ke3 Ra6 39. Rb8 Rd6 40.
Ng6+ Kg7 41. Rxe8 Rxe6+ 42. Kd4 Kxg6 43. Kd5 Rd6+ 44. Kc4 e6 45. d4 Kf5 46. Re7
a6 47. Rg7 Rc6+ 48. Kd3 Rb6 0-1

[Event "ch-FRA Blitz Online Qual"]
[Site "Europe-Chess INT"]
[Date "2020.05.16"]
[Round "14"]
[White "Miralles, Gilles"]
[Black "Barbaras, Mathieu"]
[Result "1-0"]
[WhiteTitle "GM"]
[WhiteElo "2418"]
[BlackElo "2200"]
[WhiteFideId "600059"]
[BlackFideId "20622910"]
[EventDate "2020.05.16"]

1. d4 Nf6 2. c4 e6 3. Nf3 b6 4. g3 Ba6 5. Nbd2 Bb4 6. Qc2 Bb7 7. Bg2 Be4 8. Qa4
Bxd2+ 9. Bxd2 O-O 10. O-O d6 11. Bc3 Nbd7 12. Rad1 Qe7 13. Bh3 Bb7 14. Nd2 e5
15. d5 Nc5 16. Qc2 a5 17. b3 Bc8 18. Bg2 Bg4 19. f3 Bh5 20. e4 Bg6 21. Rf2 Nfd7
22. g4 h5 23. h3 Rfe8 24. Nf1 h4 25. Qc1 Bh7 26. Bd2 f6 27. Be3 g5 28. Rb2 Nf8
29. a3 Ng6 30. b4 Nd7 31. Bf2 Nf4 32. Ne3 axb4 33. axb4 Ra4 34. Bf1 Rea8 35. Kh2
R8a7 36. c5 bxc5 37. Bb5 Ra2 38. Bxd7 Qxd7 39. bxc5 Kf7 40. Nc4 R7a6 41. cxd6
cxd6 42. Qb1 Rxb2 43. Qxb2 Qc7 44. Rc1 Nd3 45. Nxe5+ Kg8 46. Rxc7 Nxb2 47. Nd7
Ra2 48. Nxf6+ Kf8 49. Nxh7+ Ke8 50. Rc2 Kd7 51. Nxg5 Ke7 52. Bd4 Kf8 53. Rxb2
Ra3 54. Ne6+ Kf7 55. Kg2 Kg6 56. Kf2 Kh6 57. Rb8 Kg6 58. Rg8+ Kh7 59. Rg7+ Kh6
60. g5+ Kh5 61. Nf4# 1-0

[Event "ch-FRA Blitz Online Qual"]
[Site "Europe-Chess INT"]
[Date "2020.05.16"]
[Round "14"]
[White "Efimov, Igor"]
[Black "Mallassagne, Francois-Eric"]
[Result "1-0"]
[WhiteTitle "GM"]
[WhiteElo "2409"]
[BlackElo "2163"]
[WhiteFideId "806404"]
[BlackFideId "620025"]
[EventDate "2020.05.16"]

1. d4 Nf6 2. Bg5 d5 3. Nd2 Bf5 4. Bxf6 exf6 5. e3 Bd6 6. g3 O-O 7. Bg2 c6 8. Ne2
Nd7 9. c4 dxc4 10. Nxc4 Bb4+ 11. Nc3 Nb6 12. Nd2 Bd3 13. Qb3 Bxc3 14. Qxc3 Ba6
15. Bf1 Bxf1 16. Kxf1 f5 17. Qc5 g6 18. Ke2 Re8 19. Rhc1 Nd7 20. Qa3 Nf6 21. Nf3
h6 22. Qb3 Re6 23. Qxb7 Rb8 24. Qxa7 Rxb2+ 25. Kf1 Ng4 26. Rab1 Rxf2+ 27. Kg1
Qd5 28. Nh4 Rxe3 29. Rb8+ Kg7 30. Qa8 Rxh2 31. Rg8+ Kf6 32. Rxc6+ Kg5 33. Rcxg6+
fxg6 34. Rxg6+ Kh5 35. Rxh6+ Kxh6 36. Qh8+ Kg5 37. Qg7+ Kh5 38. Qg6# 1-0

[Event "ch-FRA Blitz Online Qual"]
[Site "Europe-Chess INT"]
[Date "2020.05.16"]
[Round "14"]
[White "Luminais, Eric"]
[Black "Valles Moreno, Ivan"]
[Result "0-1"]
[BlackTitle "IM"]
[WhiteElo "2161"]
[BlackElo "2417"]
[WhiteFideId "610372"]
[BlackFideId "2205688"]
[EventDate "2020.05.16"]

1. c4 g6 2. Nc3 Bg7 3. g3 f5 4. Bg2 Nf6 5. d4 O-O 6. Nf3 d6 7. O-O c6 8. Rb1 a5
9. a3 Nbd7 10. d5 cxd5 11. cxd5 Nc5 12. Nd4 a4 13. Bf4 Nfe4 14. Bxe4 fxe4 15.
Qd2 Qd7 16. Qe3 Bxd4 17. Qxd4 Qf5 18. f3 g5 19. fxe4 Qg6 20. Be3 Bh3 21. Rf3 g4
22. Rf4 Rxf4 23. Bxf4 Rf8 24. Be3 h5 25. Nxa4 Nxe4 26. Bd2 Nxd2 27. Qxd2 Qxb1+ 0-1

[Event "ch-FRA Blitz Online Qual"]
[Site "Europe-Chess INT"]
[Date "2020.05.16"]
[Round "14"]
[White "Philippe, Guillaume"]
[Black "Zachary, Matheo"]
[Result "1-0"]
[WhiteTitle "IM"]
[BlackTitle "FM"]
[WhiteElo "2354"]
[BlackElo "2334"]
[WhiteFideId "36048763"]
[BlackFideId "26024691"]
[EventDate "2020.05.16"]

1. f4 g6 2. Nf3 Bg7 3. g3 f5 4. Bg2 Nf6 5. O-O O-O 6. d3 d6 7. Nc3 Nc6 8. e4
fxe4 9. dxe4 e5 10. Be3 Bg4 11. h3 Bxf3 12. Qxf3 exf4 13. gxf4 Qe7 14. Rae1 Rae8
15. Qd1 Kh8 16. f5 Ne5 17. Bg5 Qd7 18. Nd5 Nxd5 19. Qxd5 gxf5 20. Qxb7 fxe4 21.
Rxf8+ Rxf8 22. Qxe4 Qe6 23. Be3 Qxa2 24. Bd4 Rg8 25. Bc3 Qe6 26. Kh1 Qg6 27. Qe2
Bf6 28. Rf1 Bg7 29. Be4 Qh6 30. Bg2 Qh4 31. Rf5 Qg3 32. Rh5 Bf6 33. Rf5 Qg6 34.
Qf2 Bg7 35. Be4 Qh6 36. Bg2 Qc1+ 37. Kh2 Qh6 38. Qe2 Qg6 39. Rh5 Nf7 40. Be4
Be5+ 41. Bxe5+ 1-0